01202nam a2200289 a 4500001000200000003000900002005001700011008004100028020001800069040002500087082002300112245011000135260007300245300002100318504003200339590002600371650007800397650007500475650007500550700002900625700003000654710004800684910001500732942001200747952013600759999001700895 DO-SdBNP20211129123522.0190207s2016 dr 000 0 spa d a9789945167658 aDO-SdBNPbspacBPMSU a378bI66i 201622200aInnovación interamericana en educación superior. /cCompiladores Patricia Gudiño, Miguel J. Escala. aSanto Domingo :bOrganización Universitaria Interamericana,c2016. a334 p. ;c22 cm. aBibliografía : p. 325-326 aInventariado, 2021/VM 4aInnovación educativa zAmérica LatinavCongresos, conferencias, etc. 4aEducación superior xAmérica LatinavCongresos, conferencias, etc. 4aPolítica educativa zAmérica LatinavCongresos, conferencias, etc.1 aEscala, Miguel J.ecomp.1 aGudiño, Patriciaecomp.2 aOrganización Universitaria Interamericana aVMateo V.  2ddccBK 00102ddc40708CDaBPMETbBPMETd2021-11-29eEditora Búhol0oBPMSU CD 378 I66i 2016pBPMSU21110140r2021-11-29w2021-11-29yBK c13910d13910